Datum a čas kvízu
24
Celkem bodů
Celkový počet nahraných bodů na tomto kvízu bez doplňovacích otázek.
8.
Pořadí na kvízu
Konečné umístění týmu na tomto kvízu.
Zaznamenané odpovědi
| # | Otázka | Odpověď | Body | Výsledky |
|---|---|---|---|---|
| 1. | Europoslanci Pavel Telička a P... | 0 | ||
| 2. | Podle čínského kalendáře vstou... | 0.5 | ||
| 3. | 46letá hollywoodská hvězda byl... | 1 | ||
| 4. | Zatímco s robotickým vozítkem... | 0 | ||
| 5. | Jak se jmenuje vítězný tým fin... | 0 | ||
| 7. | Kterou barvou je na mapě vyzna... | 0 | ||
| 8. | Díváme se na podobiznu bezespo... | 0 | ||
| 9. | Jak se jmenuje jedna z největš... | 0 | ||
| 10. | Vzhledem k přírodním podmínkám... | 0 | ||
| 43. | Jaké "zvířecí" jméno má tato k... | 1 |